The death of distance : how the communications revolution will change our lives. (Record no. 100875)

MARC details
000 -LEADER
fixed length control field 00624cam a2200229 4500
008 - FIXED-LENGTH DATA ELEMENTS--GENERAL INFORMATION
fixed length control field 000000n1998 000 0 eng u
020 ## - INTERNATIONAL STANDARD BOOK NUMBER
International Standard Book Number 0752812521
035 ## - SYSTEM CONTROL NUMBER
System control number (Sirsi) u109059
050 ## - LIBRARY OF CONGRESS CALL NUMBER
Classification number 384
100 ## - MAIN ENTRY--PERSONAL NAME
Personal name Cairncross, Frances
245 #4 - TITLE STATEMENT
Title The death of distance : how the communications revolution will change our lives.
260 ## - PUBLICATION, DISTRIBUTION, ETC.
Place of publication, distribution, etc. Orion Business
Date of publication, distribution, etc. 1998
300 ## - PHYSICAL DESCRIPTION
Extent xvi,302p. ; 22cm.
350 ## - PRICE (NR) (BK AM CF MU VM SE) [OBSOLETE]
Price 9.99
650 ## - SUBJECT ADDED ENTRY--TOPICAL TERM
Topical term or geographic name entry element TELEPHONE
650 ## - SUBJECT ADDED ENTRY--TOPICAL TERM
Topical term or geographic name entry element TELEVISION
650 ## - SUBJECT ADDED ENTRY--TOPICAL TERM
Topical term or geographic name entry element INTERNET
650 ## - SUBJECT ADDED ENTRY--TOPICAL TERM
Topical term or geographic name entry element ELECTRONIC COMMUNICATIONS
650 ## - SUBJECT ADDED ENTRY--TOPICAL TERM
Topical term or geographic name entry element E-COMMERCE
690 ## - LOCAL SUBJECT ADDED ENTRY--TOPICAL TERM (OCLC, RLIN)
Topical term or geographic name as entry element TRANSPORT AND COMMUNICATIONS
942 ## - ADDED ENTRY ELEMENTS (KOHA)
Suppress in OPAC 0
Holdings
Withdrawn status Lost status Source of classification or shelving scheme Damaged status Not for loan Home library Current library Shelving location Date acquired Cost, normal purchase price Total Checkouts Full call number Barcode Date last seen Copy number Cost, replacement price Price effective from Koha item type
    Dewey Decimal Classification     London London Books 10/04/2001 8.49   384 CAI 30063897 06/08/2019 2 8.49 06/08/2019 Book